| 000 -LEADER |
| fixed length control field |
01058pab a2200181 454500 |
| 008 - FIXED-LENGTH DATA ELEMENTS--GENERAL INFORMATION |
| fixed length control field |
180718b2011 xxu||||| |||| 00| 0 eng d |
| 100 ## - MAIN ENTRY--PERSONAL NAME |
| Personal name |
Hayllar, Mark Richard |
| 245 ## - TITLE STATEMENT |
| Title |
Social enterprise: What is it, and how can it be strengthened? |
| 260 ## - PUBLICATION, DISTRIBUTION, ETC. |
| Date of publication, distribution, etc. |
2011 |
| 300 ## - PHYSICAL DESCRIPTION |
| Extent |
p.17-36. |
| 362 ## - DATES OF PUBLICATION AND/OR SEQUENTIAL DESIGNATION |
| Dates of publication and/or sequential designation |
Jun |
| 520 ## - SUMMARY, ETC. |
| Summary, etc. |
There has been a rapid growth in the social enterprise sector since the early years of the 21st century. This is evident in many countries and is widely regarded as a very positive humanitarian development, though it is not easy to explain exactly what the sector involves. Accordingly, as well as discussing definitional issues, this article draws attention to factors operating to prevent the social enterprise sector from achieving its full potential, and considers strategies that need to be followed to empower social enterprises and ensure their sustainability. - Reproduced. |
| 650 ## - SUBJECT ADDED ENTRY--TOPICAL TERM |
| Topical term or geographic name entry element |
Social enterprise |
| 700 ## - ADDED ENTRY--PERSONAL NAME |
| Personal name |
Wettenhall, Roger |
| 773 ## - HOST ITEM ENTRY |
| Main entry heading |
Asia Pacific Journal of Public Administration |
| 908 ## - PUT COMMAND PARAMETER (RLIN) |
| Put command parameter |
N |
| 909 ## - |
| -- |
94141 |